| 000 | 00841nam a2200193 a 4500 | ||
|---|---|---|---|
| 001 | 000783122 | ||
| 003 | AM-YeHGA | ||
| 005 | 20250617161252.0 | ||
| 008 | 110119s1969 ||||||||r|||||000|0|rus|d | ||
| 040 | _aAM-YeHGA | ||
| 041 | 0 | _arus | |
| 100 | 1 | _aМурский, Леонид Иванович | |
| 245 | 1 | 0 |
_aФизиология человека : _bКурс лекций для студентов биолого-химического факультет / _cЛ.И. Мурский; Владимирский государственный педагогический институт им. П.И. Лебедева-Полянского. |
| 260 |
_aВладимир : _b[б. и.], _c1969. |
||
| 300 |
_a346 с. : _bрис. ; _c25 см. |
||
| 650 | 1 | 4 |
_aФизиология _xобучение |
| 650 | 1 | 4 | _aЧеловек |
| 090 | _c471652 | ||
| 999 |
_c468413 _d468413 |
||